Quizzes
Events
Quiz Creation
Community
Videos
Private Events
Remove Ads
Sign In
Join for FREE
Feedback
Dark Mode
Quiz Categories
Sports
Geography
Music
Movies
Television
Just For Fun
Miscellaneous
History
Literature
Language
Science
Gaming
Entertainment
Religion
Holiday
For Kids
Quiz Lab
Recent
Popular Today
Quiz Kudos Today
Editor Picks
Curator Picks
Quizzes by...
Day
Popularity
Type
Ratings
Length
Year
Community
Subscriptions
Recent Discussions
Orange Saloon
Badges
Playlists
Quests
Create
Leaderboards
Showdown
Live 5
Trivia Bingo
Activity
Puzzle Library
Sporcle Events
Private Events
Virtual Trivia
Globe League
Become a Host
Pub Owners
SporcleCon
Opinionation
Our Games
Videos
Blog
Mobile Apps
Partnerships
Remove Ads and Go Orange
Feedback
Television
TV Characters
TV Show
Sitcom
Network
Friends
Reality Shows
Cast
South Park
Star Trek
The Simpsons
Doctor Who
Television
TV Characters
TV Show
Sitcom
Network
Friends
Reality Shows
Cast
South Park
Star Trek
The Simpsons
Doctor Who
Random Quiz
Search Sporcle
×
Curator Pick
Curator Pick
Television
Show
Type in answers that appear in a list
Type in answers that appear in a list
Classic
Best Score? Go Orange.
30 Greatest Cult TV Shows Stats
Can you name the 30 Greatest Cult TV Shows
By
folie_a_deux
5m
30 Questions
1,463 Plays
1,463 Plays
1,463 Plays
Comments
Comments
Give Quiz Kudos
Give Quiz Kudos
-
- Ratings
hide this ad
Replay
Link that replays current quiz
Next Quiz
Link to next quiz in quiz playlist
You Got
0%
They Got
Avg Score
40%
Avg Friend Score
Upgrade to see
Score Distribution
Jump to the score distribution portion of the page
Score
0/30
Timer
05:00
0
Plays Today
Ranking and Cast Members
Television Show
% Correct
1 -
William Shatner, Leonard Nimoy
Star Trek
89.9%
3 -
Sarah Michelle Gellar, Alyson Hannigan
Buffy the Vampire Slayer
80%
2 -
Gillian Anderson, David Duchovny
The X-Files
79.5%
8 -
Dan Castellaneta, Nancy Cartwright
The Simpsons
72.8%
15 -
Seth MacFarlane, Mila Kunis
Family Guy
72%
5 -
Matthew Fox, Evangeline Lilly
Lost
67.6%
10 -
Lucy Lawless, Renee O'Connor
Xena: Warrior Princess
59.1%
25 -
Nathan Fillion, Gina Torres
Firefly
57.1%
21 -
James Franco, Linda Cardellini
Freaks and Geeks
53.7%
22 -
Matt Smith, David Tennant
Doctor Who
51.3%
9 -
Rod Serling, Robert McCord
Twilight Zone
50.7%
24 -
Kyle MacLachlan, Michael Ontkean
Twin Peaks
50.1%
6 -
John Cleese, Michael Palin
Monty Python's Flying Circus
50%
18 -
Kristen Bell, Percy Daggs III
Veronica Mars
47.2%
19 -
Scott Bakula, Dean Stockwell
Quantum Leap
43.6%
Ranking and Cast Members
Television Show
% Correct
12 -
Paul Reubens
Pee-Wee's Playhouse
43.4%
14 -
Edward James Olmos, Mary McDonnell
Battlestar Galactica
35.1%
17 -
Linda Hamilton, Ron Perlman
Beauty and the Beast
30%
20 -
Patrick Macnee, Diana Rigg
The Avengers
26.6%
29 -
Jennifer Saunders, Joanna Lumley
Absolutely Fabulous
23.5%
28 -
Richard Dean Anderson, Michael Shanks
Stargate SG-1
23.2%
7 -
Patrick McGoohan, Angelo Muscat
The Prisoner
21.1%
30 -
Amy Sedaris, Stephen Colbert
Strangers with Candy
18.4%
13 -
Joel Hodgson, Michael J. Nelson
Mystery Science Theater 3000
16.6%
11 -
Skeet Ulrich, Lennie James
Jericho
14.4%
16 -
Mira Furlan, Bruce Boxleitner
Babylon 5
12.4%
26 -
Louise Lasser, Dabney Coleman
Mary Hartman, Mary Hartman
12.1%
4 -
Claudia Black, Ben Browder
Farscape
11.6%
23 -
Jonathan Frid, Lara Parker
Dark Shadows
9.7%
27 -
Jack Wild, Billie Hayes
H.R. Pufnstuf
4.1%
Quiz Playlist
Details
Report
Send in Message
Add To Playlist
Classic:
Type in answers that appear in a list
Quiz Source
Last Updated: Feb 16, 2017
Curator Pick in
Show
Quiz Scoreboard
CHALLENGE
Sign Up to Join the Scoreboard
Show All
Scores
Hide
Comments
May contain spoilers
Recently Published
Popular People in 1961
by mucciniale
History
6m
1-10 Letter E Words III
by El_Dandy
Language
2m
One Thing in Common: World Cities II
by knightlancer
Geography
7m
More to Explore
Quiz From the Vault
Featured Blog Post
Where Did the Easter Bunny Come From?
hide this ad
You Might Also Like...
Tags
Show Quiz
cult
greatest
Today's Top Quizzes in Television
Browse Television
hide this ad
Today's Top Quizzes in Show
Browse Show
Top Contributed Quizzes in Television
1
One Piece Logic Puzzle
2
Survivor Logic Puzzle: Heroes vs. Villains
3
Survivor Seasons
4
Survivor Season by Logo
5
Survivor Trivia
6
Survivor Logic Puzzle: Winners at War
7
Ultimate Survivor Logic Puzzle
8
Phoebe Buffay Quotes
9
Emmerdale Characters (from August 2012)
10
One Thing in Common: Television
Explore More
Trending Topics
Harry Potter
Marvel
Anime
Kpop
Disney
NBA
Crossword
Song
Soccer
The Office
NFL
WWE
Puzzle
Country
Pokémon
hide this ad
More By:
folie_a_deux
Quiz
Plays
Rating
Category
Featured
Created
Horror Movie Villains & Monsters
1,727
3.00
Movies
Oct 26, 2013
30 Greatest Cult TV Shows
1,463
3.83
Television
Nov 11, 2013
National Parks Match
181
3.43
Geography
Sep 15, 2013
What subunits make up the Macromolecules?
181
3.00
Science
Oct 18, 2013
What does DNA stand for?
164
4.00
Science
Oct 14, 2013
Go to Creator's Profile
Score Distribution
Quiz Creator Spotlight
folie_a_deux
Follow
Send a Message
Quizzes Created
-
Created Quiz Play Count
-
More By This Creator
Popular Quizzes Today
1
Find the US States - No Outlines Minefield
2
The Countries of the World
3
Find the Countries of Europe - No Outlines Minefield
4
Popular People in 1961
5
1-10 Letter E Words III
6
Find the US States
7
One Thing in Common: World Cities II
8
US States
More Television Quizzes
5-Star TV Cartoon Villains
Published
Trending Quizzes
Risky Map Clicking: Least Populous States A-Z
1-10 Letter F Words
1-10 Letter G Words
One Thing in Common: United Kingdom
Risky Map Clicking: Next State Alphabetically
Recently Updated
Leaping Animals
pecheneg
Reality TV Shows (A-Z)
bhenderson79
Rickey Henderson's Hall of Fame Teammates
pecheneg
Champions League XIs: Arsenal
pecheneg
Quick Pick: Celebrities in WWE's Hall of Fame
aduchscher
A-Z Keypad Blitz II
pecheneg
Multiple Oscar Actors
pecheneg
Mystery Phrase Blitz: Oscar 'Best Actors'
pecheneg
F. Scott Fitzgerald Novels
LTH
Pick 3 Villains
ddd62291
Trending Topics
Disney
Marvel
Kpop
Crossword
NBA
Anime
Harry Potter
The Office
Pokémon
WWE
Country
Soccer
Song
Puzzle
NFL
Your Account Isn't Verified!
In order to create a playlist on Sporcle, you need to verify the email address you used during registration. Go to your
Sporcle Settings
to finish the process.
Report this User
Report this user for behavior that violates our
Community Guidelines
.
Details:
Send Report
Go to the Sporcle.com Mobile Site →
Comments